LEADER 01430nam a2200301 a 4500 001 000000127965 003 CaOOAMICUS 005 20120313111245.0 008 120313s2006 nju u000 u eng r 020 $a978-0-691-12687-6 040 $aPUL$bita 082 04$a320.01 100 1 $aBerlin, Isaiah,$d1909-1997.$0(OLS)http://pul/name/6750 245 10$aPolitical ideas in the romantic age :$btheir rise and influence on modern thought /$cIsaiah Berlin ; edited by Henry Hardy ; with an introduction by Joshua L. Cherniss. 260 $aPrinceton and Oxford :$bPrinceton University Press,$cİ2006. 300 $alx, 292 p. ;$c24 cm 500 $aInclude indice. 650 4$aScienza della politica$xStudi.$0(OLS)http://pul/subject/8924 700 1 $aHardy, Henry.$0(OLS)http://pul/name/15122 700 1 $aCherniss, Joshua L.$0(OLS)http://pul/name/79383 850 $aPUL 852 $aPUL$W1$xSL Diritto e Scienze Sociali 3$y79$m320. 01 BERIS 2$j144447$qDDC 21$B146717$CPULBib$Z2$F146717 $H117167 $82 941 1 $a9 996 $6020$a978-0-691-12687-6$9(OLS)http://pul/number/149164 996 $6082$a320.01$9(OLS)http://pul/classification/475 996 $6245$aPolitical ideas in the romantic age :$btheir rise and influence on modern thought$9(OLS)http://pul/title/158149 996 $6260$aPrinceton and Oxford :$bPrinceton University Press$9(OLS)http://pul/publisher/80333 LEADER 01235nam a2200301 u 4500 001 000000047769 003 CaOOAMICUS 005 20070226114924.0 008 000201s1985 enk u000 u eng u 020 $a0140432167 035 $a10840273 040 $aMSA$bita$dPUL(R) 100 1 $aBacon, Francis,$d1561-1626.$0(OLS)http://pul/name/5096 240 10$aEssays$9(Bacon, Francis, 1561-1626).$0(OLS)http://pul/title/64309 245 14$aThe essays /$cFrancis Bacon ; edited with an introduction by John Pitcher. 260 $aLondon :$bPenguin Books,$c1985. 300 $a287 p. ;$c20 cm 490 1 $aPenguin classics 504 $a"Further reading": p. [49]-53. 650 4$aFilosofia inglese.$0(OLS)http://pul/subject/7566 700 1 $aPitcher, John.$0(OLS)http://pul/name/34692 830 0$aPenguin classics.$0(OLS)http://pul/title/4365 850 $aPUL 852 $aPUL$W1$xDP1 Altre Collocazioni$y17$mSenza collocazione$j12$nBK-PRI$b $qStampati$B63779$CPULBib$Z2$F63779 $H $81 941 1 $a8 996 $6020$a0140432167$9(OLS)http://pul/number/59768 996 $6245$aThe essays$9(OLS)http://pul/title/64310 996 $6260$aLondon :$bPenguin Books$9(OLS)http://pul/publisher/65876